000 01181nam a2200313Ia 4500
005 20220317002003.0
008 200115s2019 ck 000 0 spa d
020 _a9789580013761
040 _aCO-BoRNBP
_bspa
_erda
_cCO-BoRNBP
041 _aspa
100 1 _aMuñoz Toro, Juliana
_eautor
245 1 0 _aDiario de dos lunas
_cJuliana Muñoz Toro ; ilustraciones Marcela Quiroz
250 _aEdición especial
264 1 _aBogotá
_bEducactiva
_c2019
300 _a124 páginas
_bilustraciones en blanco y negro
_c 20 cm
336 _2rdacontent
_atexto
_btxt
337 _2rdamedia
_asin mediación
_bn
338 _2rdacarrier
_avolumen
_bnc
490 0 _aPlan Nacional de Lectura y Escritura Leer es mi Cuento / Ministerio de Cultura
586 _aAutora ganadora del Tercer Concurso Internacional de Escritura Tragaluz. Novela Juvenil en 2016.
650 1 7 _aAmor novela
_2LEMB
650 1 7 _aLiteratura colombiana
_2LEMB
650 1 7 _aNovela infantil colombiana
_2LEMB
650 1 7 _aDiarios íntimos
_2LEMB
_vNovela
650 1 7 _aMujeres adolescentes
_2LEMB
_vNovela
700 1 _aQuiroz, Marcela
_eilustradora
_9114353
942 _2loc
_cBKLIT
084 _aN MUÑ8
999 _c8798
_d8798